000 00328aam a2200121 4500
999 _c504418
_d504418
082 _aT19x54 In2
100 _aBakshi, Santosh
_9480
245 _aEconomic growth in india and its many dimensions
_cby santosh Bakshi
260 _aNew Delhi
_bUppal
_c2018
300 _a523p
653 _aCivil Service
_aBureaucracy
942 _2ddc